A modern theory of Integration (Record no. 1467421)

MARC details
000 -LEADER
fixed length control field 00317 a2200121 4500
000 - LEADER
fixed length control field nam a22 7a 4500
005 - DATE AND TIME OF LATEST TRANSACTION
control field 20260109143624.0
020 ## - INTERNATIONAL STANDARD BOOK NUMBER
International Standard Book Number 9781470479015
100 ## - MAIN ENTRY--PERSONAL NAME
Personal name Bartle, Robert G.
9 (RLIN) 863427
245 ## - TITLE STATEMENT
Title A modern theory of Integration
260 ## - PUBLICATION, DISTRIBUTION, ETC.
Name of publisher, distributor, etc. American Mathematical Society
Date of publication, distribution, etc. 2024
942 ## - ADDED ENTRY ELEMENTS (KOHA)
Koha item type Textual

No items available.

Copyright @ Delhi University Library System